A QUANTUM BEAM SEPARATOR

Podrobná bibliografia
Hlavní autori: Gheri, K. M. (Autor), Ritsch, H. (Autor)
Médium: Článok
Jazyk:slovenčina
angličtina

MARC

LEADER 00000nab a2200000 a 4500
001 vtls010713517
003 SK-MaSNL
005 20260304193246.0
008 250709s1997 xo |||||||||||||||||slo|
035 |a (urnnbn)urn:nbn:sk:snk:ar-a04aw0 
035 |a (uuid)d03143b1-382f-4ef2-aedb-8cb0b9ac020f 
035 |a urn:nbn:sk:snk-ab3g6z 
040 |a SNKBUCL  |b slo  |c SNKBUCL  |e AACR2 
041 0 |a eng 
044 |a xo  |c SK 
100 1 |a Gheri, K. M.  |4 aut  |9 1523875 
245 1 0 |a A QUANTUM BEAM SEPARATOR  |c K. M. Gheri, H. Ritsch 
700 1 |a Ritsch, H.  |4 aut  |9 1380555 
773 0 |t Acta Physica Slovaca : fyzikálny časopis  |g Roč. 47, č. 3-4 (1997), s. 201-209 
850 |a Slovenská národná knižnica 
852 |a Slovenská národná knižnica 
958 |a article1 
958 |a OND 
958 |a EUIPO 
999 |c 3066048  |d 3067978